Taylor Swift - Paroles Sad Beautiful Tragic - Statistiques

Statistiques générales
  • Ce quiz a été pris 26 fois
  • Le résultat moyen est 136 sur 185
Statistiques - réponses
Hint Réponse % Correct
I
100%
in
100%
Couplet 2 In
100%
you
100%
a
91%
Refrain A
91%
be
91%
beautiful
91%
Beautiful
91%
had
91%
love
91%
me
91%
me,
91%
the
91%
they
91%
to
91%
tragic
91%
Refrain We
91%
we
91%
your
91%
Your
91%
affair
82%
For
82%
Couplet 1 Long
82%
long
82%
sad
82%
too
82%
try
82%
you're
82%
all
73%
and
73%
And
73%
Breakdown,
73%
by
73%
Could
73%
Bridge Distance,
73%
get
73%
Is
73%
it
73%
life
73%
listen?
73%
magic
73%
of
73%
off
73%
there
73%
timing
73%
up,
73%
up
73%
What
73%
can't
64%
Refrain 'Cause
64%
fix
64%
give
64%
handwritten
64%
its
64%
just
64%
like
64%
note
64%
tracks
64%
us
64%
When
64%
you've
64%
back
55%
Deep
55%
demons
55%
fighting
55%
got
55%
Hang
55%
how
55%
Kiss
55%
late
55%
little
55%
look
55%
mean
55%
pocket
55%
time
55%
train
55%
(uh
55%
uh)
55%
Words,
55%
cities
45%
darlin'
45%
different
45%
Good
45%
right
45%
runs
45%
Silence,
45%
stood
45%
wait
45%
will
45%
both
36%
erasing
36%
locket
36%
lonely
36%
meet
36%
sweet
36%
taking
36%
they'll
36%
wake
36%
beds
27%
conversation
27%
dreams
27%
face
27%
hopeful
27%
warm
27%
girls,
18%
Aucun quiz correspondant
Distribution des résultats
% des personnes avec chaque résultat
Percentile par nombre de réponses
Votre historique - résultats
Vous n’avez pas pris ce quiz